00580nam a2200193 a 4500020001800000082001600018100002300034245002900057260004300086300000900129500003500138505001000173650002400183650002500207700002300232942000700255952010900262999001500371 a0415149 00a291.14bRYC aRyce, Joel Menuhin aJung and the Monotheisms aLondon bRoutledge Chapman Hall c1994 a274p aincludes index and biblioraphy2 aIndex aReligion-Philosophy aComparative Religion1 aRyce, Joel Menuhin cBK 00104070aHMIbHMId2007-03-19g835.94l3o291.14 RYCp014920r2019-07-30s2019-07-22w2026-01-16yBK c6285d6285